000 00390nam a22001337a 4500
040 _cNUST
082 _a526.9
_bDAV
100 _aDavis, Raymond Earl,
_939624
245 _aSurveying theory and practice,
_c Raymond E. Davis and Francis S. Foote.
250 _a6th
260 _aLondon
_bMcGraw-Hill book company, inc.,
300 _a992p,: illus,table, maps.
_c22cm
942 _2ddc
_cBK
_e6th
999 _c609856
_d609856